Data abstraction & Problem solving with C++ : (Record no. 2685)

MARC details
000 -LEADER
fixed length control field 01104cam a2200313 a 4500
001 - CONTROL NUMBER
control field 14404569
003 - CONTROL NUMBER IDENTIFIER
control field OSt
005 - DATE AND TIME OF LATEST TRANSACTION
control field 20230201111615.0
008 - FIXED-LENGTH DATA ELEMENTS--GENERAL INFORMATION
fixed length control field 060607s2007 maua 001 0 eng
010 ## - LIBRARY OF CONGRESS CONTROL NUMBER
LC control number 2006018999
020 ## - INTERNATIONAL STANDARD BOOK NUMBER
International Standard Book Number 0321433327
020 ## - INTERNATIONAL STANDARD BOOK NUMBER
International Standard Book Number 9780321433329
035 ## - SYSTEM CONTROL NUMBER
System control number (OCoLC)ocm70054323
040 ## - CATALOGING SOURCE
Original cataloging agency DLC
Transcribing agency DLC
Modifying agency BAKER
-- C#P
-- DLC
050 00 - LIBRARY OF CONGRESS CALL NUMBER
Classification number QA76.73.C153
Item number C38 2007
082 00 - DEWEY DECIMAL CLASSIFICATION NUMBER
Classification number 005.13 CAR 2007
Edition number 22
100 1# - MAIN ENTRY--PERSONAL NAME
Personal name Carrano, Frank M.
9 (RLIN) 5615
245 10 - TITLE STATEMENT
Title Data abstraction & Problem solving with C++ :
Remainder of title walls & mirrors
250 ## - EDITION STATEMENT
Edition statement 5th ed.
260 ## - PUBLICATION, DISTRIBUTION, ETC. (IMPRINT)
Place of publication, distribution, etc. Boston;
Name of publisher, distributor, etc. Pearson/Addison Wesley,
Date of publication, distribution, etc. 2007.
300 ## - PHYSICAL DESCRIPTION
Extent xvii, 970 p. :
Other physical details ill. ;
Dimensions 24 cm.
500 ## - GENERAL NOTE
General note Includes index.
650 #0 - SUBJECT ADDED ENTRY--TOPICAL TERM
Topical term or geographic name as entry element Computer program language
9 (RLIN) 6304
650 #0 - SUBJECT ADDED ENTRY--TOPICAL TERM
Topical term or geographic name as entry element Abstract data processing
9 (RLIN) 6305
856 41 - ELECTRONIC LOCATION AND ACCESS
Materials specified Table of contents
Uniform Resource Identifier http://www.loc.gov/catdir/toc/ecip0615/2006018999.html
906 ## - LOCAL DATA ELEMENT F, LDF (RLIN)
a 7
b cbc
c orignew
d 1
e ecip
f 20
g y-gencatlg
942 ## - ADDED ENTRY ELEMENTS (KOHA)
Source of classification or shelving scheme Dewey Decimal Classification
Koha item type Short Loan
Holdings
Withdrawn status Lost status Source of classification or shelving scheme Damaged status Not for loan Home library Current library Date acquired Source of acquisition Inventory number Total Checkouts Full call number Barcode Date last seen Koha item type
    Dewey Decimal Classification     MUST Main Library MUST Main Library 25/11/2015 Purchase 08/30018   005.13 CAR 2007 2015-2785 25/11/2015 Short Loan